| 000 | 00397 a2200109 4500 | ||
|---|---|---|---|
| 001 | ART_8057 | ||
| 005 | 20260410161831.0 | ||
| 008 | 260409a | ||
| 245 | 1 | 0 | _aGlobal markets and global justice?. Catholic social teaching and financial ethics |
| 100 | 1 | _aVan Gerwen, Jef | |
| 773 | 0 |
_tBoletín de estudios económicos _gÉtica y economía - Vol. 55, Nº 170 (ago. 2000) _wREV5142 |
|
| 999 |
_c23245 _d23245 |
||